The SAGE dictionary of qualitative inquiry / (Record no. 2733)

000 -LEADER
fixed length control field 01317cam a2200313 a 4500
001 - CONTROL NUMBER
control field 14553328
003 - CONTROL NUMBER IDENTIFIER
control field OSt
005 - DATE AND TIME OF LATEST TRANSACTION
control field 20180117085948.0
008 - FIXED-LENGTH DATA ELEMENTS--GENERAL INFORMATION
fixed length control field 060915s2007 caua b 000 0 eng
010 ## - LIBRARY OF CONGRESS CONTROL NUMBER
LC control number 2006030618
020 ## - INTERNATIONAL STANDARD BOOK NUMBER
International Standard Book Number 9781412909273 (pbk. : alk. paper)
040 ## - CATALOGING SOURCE
Original cataloging agency DLC
Transcribing agency DLC
Modifying agency DLC
050 00 - LIBRARY OF CONGRESS CALL NUMBER
Classification number H61
Item number .S4435 2007
082 00 - DEWEY DECIMAL CLASSIFICATION NUMBER
Classification number 300.72
Edition number 22
100 1# - MAIN ENTRY--PERSONAL NAME
Personal name Schwandt, Thomas A.
245 14 - TITLE STATEMENT
Title The SAGE dictionary of qualitative inquiry /
Statement of responsibility, etc. Thomas A. Schwandt.
250 ## - EDITION STATEMENT
Edition statement 3rd ed.
260 ## - PUBLICATION, DISTRIBUTION, ETC.
Place of publication, distribution, etc. Los Angeles, Calif. :
Name of publisher, distributor, etc. Sage Publications,
Date of publication, distribution, etc. c2007.
300 ## - PHYSICAL DESCRIPTION
Extent xxxiii, 322 p. :
Other physical details ill. ;
Dimensions 23 cm.
504 ## - BIBLIOGRAPHY, ETC. NOTE
Bibliography, etc. note Includes bibliographical references.
505 0# - FORMATTED CONTENTS NOTE
Formatted contents note A note on teaching and learning qualitative inquiry -- List of terms.
650 #0 - SUBJECT ADDED ENTRY--TOPICAL TERM
Topical term or geographic name entry element Social sciences
General subdivision Methodology
Form subdivision Dictionaries.
650 #0 - SUBJECT ADDED ENTRY--TOPICAL TERM
Topical term or geographic name entry element Social sciences
General subdivision Research
Form subdivision Dictionaries.
856 41 - ELECTRONIC LOCATION AND ACCESS
Materials specified Table of contents only
Uniform Resource Identifier <a href="http://www.loc.gov/catdir/toc/ecip071/2006030618.html">http://www.loc.gov/catdir/toc/ecip071/2006030618.html</a>
906 ## - LOCAL DATA ELEMENT F, LDF (RLIN)
a 7
b cbc
c orignew
d 1
e ecip
f 20
g y-gencatlg
942 ## - ADDED ENTRY ELEMENTS (KOHA)
Source of classification or shelving scheme
Koha item type Book
Holdings
Withdrawn status Lost status Source of classification or shelving scheme Damaged status Not for loan Collection code Permanent Location Current Location Shelving location Date acquired Total Checkouts Total Renewals Full call number Barcode Date last seen Date last checked out Price effective from Koha item type
          Computer Science Central Library (CL) Central Library (CL) First Floor - Computer Science 03/16/2016 2 2 001.42 SCH S3H-S-287 03/24/2025 03/10/2025 03/16/2016 Book
© 2023 Central Library, National University of Sciences and Technology. All Rights Reserved.